| 000 | 00932nam1a22002291i 4500 | ||
|---|---|---|---|
| 001 | rc\267152 | ||
| 005 | 20260407074623.0 | ||
| 035 | _a(NLR Aleph) 008752056 | ||
| 090 |
_a7813390 _c7813390 |
||
| 100 | _a20030307g19939999u |0rusy50 ca | ||
| 101 | 0 | _arus | |
| 102 | _aRU | ||
| 105 | _ay ||||||||| | ||
| 200 | 1 |
_aРусские философы, конец XIX - середина XX в. _eБиогр. очерки. Библиография. Тексты соч. _e[Антология _eВ 3 вып.] _fРос. гос. б-ка _g[Сост. А.Л. Доброхотов и др.] |
|
| 210 |
_aМ. _cКн. палата _d1993- |
||
| 215 | _d21 | ||
| 702 | 1 |
_aДоброхотов _bА.Л. _gАлександр Львович _4220 |
|
| 712 | 0 | 2 |
_aРоссийская государственная библиотека _3RU\NLR\AUTH\883411 _9278072 |
| 801 | 0 |
_aRU _bNLR _gpsbo |
|
| 801 | 1 |
_aRU _bELAR _2rusmarc |
|
| 852 |
_aNLR _j93-5/2551 |
||
| 942 | _cBOOK | ||